000 00723 a2200205 4500
003 Nust
005 20221209110628.0
010 _a 00027426
020 _a8178082810
040 _cNust
082 0 0 _a621.382,RUT
100 1 _aRutherfoord, Andrea J.
245 1 0 _aBasic communication skills for technology /
_cAndrea J. Rutherfoord.
250 _a2nd ed.
260 _aUpper Saddle River, N.J. :
_bPrentice Hall,
_cc2001.
300 _axi, 403 p. :
_bill. ;
_c28 cm.
505 _aFoundations (Page-1), Writing Elements (Page-49), Forms of Technical Communication (Page-133), Grammer units (Page-235), Mechanics units (Page-303), Appendices (Page-337)
650 0 _aTelecommunication Engineering
942 _2ddc
_cBK
999 _c182562
_d182562